000 00427nam a2200181Ia 4500
008 151213s9999 xx 000 0 und d
020 _a978-81-203-2959
082 _a332.6
_b332.6
100 _aS.Kevin
245 _aPortfolio Management
_cS.Kevin
250 _a2nd
260 _aNew Delhi
_bPrentice Hall
_c2007
300 _a10110 p.
650 _aFinance
650 _aFinance
700 _aS.Kevin
999 _c4827
_d4827